000 00896nam a2200253 a 4500
001 BRCA_8284
005 20190320210218.0
008 120614s1957----sp-a###f##---#001-0#spa-#
041 _aspa
044 _asp
050 4 _aND813.E8
_b.S6 1957
100 1 _aSoria, Martín S.
_912006
245 1 0 _aAgustín Esteve y Goya
_cMartín S. Soria ; prólogo de Excmo. Sr. Dr. Enrique Lafuente Ferrari.
260 _aValencia
_bServicio de Estudios Artísticos, Institución Alfonso el Magnánimo
_c1957
300 _a165 p.
_bil., 95 láminas
_c25 cm.
500 _aIncluye índice de ilustraciones
500 _aS72
600 1 4 _aEsteve, Agustín
_d1753-1820
_vpintor
_920692
600 1 4 _aGoya y Lucientes, Francisco José de
_d1746-1828
_vpintor
_920693
650 1 4 _aPintores españoles
_vBiografías
_918728
700 1 _aLafuente Ferrari, Enrique
_epról.
_92561
902 _aGFM
942 _2lcc
_cB
999 _c7952
_d7952